Aceites y grasas industriales... / (Record no. 28010)

MARC details
000 -LEADER
campo de control de longitud fija 00673nam a2200193 i 4500
001 - NÚMERO DE CONTROL
campo de control 28010
003 - IDENTIFICADOR DE NÚMERO DE CONTROL
campo de control ES-MaACL
005 - FECHA Y HORA DE LA ÚLTIMA TRANSACCIÓN
campo de control 20230906153738.0
007 - CAMPO FIJO DE DESCRIPCIÓN FÍSICA--INFORMACIÓN GENERAL
campo de control de longitud fija t|
008 - DATOS DE LONGITUD FIJA--INFORMACIÓN GENERAL
campo de control de longitud fija 030116s1961 sp ||||1| spa d
100 1# - ENTRADA PRINCIPAL--NOMBRE DE PERSONA
Nombre de persona Bailey, Alton E.
9 (RLIN) 24689
245 10 - MENCIÓN DEL TÍTULO
Título Aceites y grasas industriales... /
Mención de responsabilidad, etc. Alton E. Bailey ; [versión española por Luis Mora Cartaya... Antonio García Padron ; revisada por Fernando Blasi].
260 ## - PUBLICACIÓN, DISTRIBUCIÓN, ETC.
Lugar de publicación, distribución, etc. Barcelona, etc :
Nombre del editor, distribuidor, etc. Reverté,
Fecha de publicación, distribución, etc. 1961.
300 ## - DESCRIPCIÓN FÍSICA
Extensión 741 p. :
Otras características físicas il. ;
Dimensiones 22 cm.
700 1# - ENTRADA AGREGADA--NOMBRE PERSONAL
Nombre de persona Mora Cartaya, Luis.
9 (RLIN) 82873
700 1# - ENTRADA AGREGADA--NOMBRE PERSONAL
Nombre de persona García Padrón, Antonio.
9 (RLIN) 55074
700 1# - ENTRADA AGREGADA--NOMBRE PERSONAL
Nombre de persona Blasi, Fernando.
9 (RLIN) 29408
852 ## - LOCALIZACIÓN
Ubicación ES-MaACL
Número de control de estantería C-20911
Sublocalización o colección R.49360
Holdings
Estatus retirado Estado de pérdida Estado de daño No para préstamo Biblioteca de origen Biblioteca actual Ubicación en estantería Fecha de adquisición Fuente de adquisición Total de préstamos Signatura topográfica completa Código de barras Visto por última vez Precio de reemplazo Tipo de ítem Koha
        Biblioteca del Ateneo de Madrid Biblioteca del Ateneo de Madrid Galería 17/01/2008     C-20911 1028919 23/02/2023 23/02/2023 Libro impreso